Регионална библиотека "Любен Каравелов" - Русе

Наративът и неговите литературни силуети (Запис номер 15490)

MARC детайли
000 -Лидер
Контролно поле с фиксирана дължина 01753nam a2200361 c 4500
003 - Код на организацията, давaща контролен номер
Контролно поле BLK
005 - Дата и час на последна редакция
Контролно поле 20240429094633.0
008 - Елементи от данни с фиксирана дължина
fixed length control field 180413b bul|||||r ||||||| ||bul||
010 ## - Наследен системен номер
LC control number KNG00017276000
020 ## - Международен стандартен номер на книга ISBN
Международен стандартен номер на книга ISBN 954-07-1074-Х
-- издат.: Унив. изд. Св. Климент Охридски
040 ## - Източник на каталожния запис
Идентификатор на билиотеката - собственик на записа BLK
041 ## - Код за език
Код за езика на текст/звукозапис или на отделно заглавие Български
Код за езика КДБФ Български
080 ## - УДК
Текстов определител УДК Проза. Стихотворения в проза, импресии, миниатюри
УДК код - определител по УДК 82-3
УДК определител .09
УДК - код + определител 82-3.09
080 ## - УДК
Текстов определител УДК Българска литература
УДК код - определител по УДК 821.163.2
УДК определител .09
УДК - код + определител 821.163.2.09
080 ## - УДК
Текстов определител УДК Чешка литература
УДК код - определител по УДК 821.162.3
УДК определител .09
УДК - код + определител 821.162.3.09
100 ## - Редна дума - Автор
Автор Павлов, Иван Александров
Дати, свързани с автора 1944-2005
Автор - информация (биография) Филолог. Литературовед. Преводач от чешки език.
R(LIN) 364944
139 ## - Редно поле
Редна дума Павлов, Иван Александров
Авторски знак Павло - П 13
245 10 - Сведения за заглавието
Заглавие Наративът и неговите литературни силуети
Редно поле (дума) Иван Александров Павлов.
257 ## - Страна на издаване
Страна на създаване/издаване България
260 ## - Област на издателските данни
-- София
Име на издателя, разпространителя и проч. Унив. изд. Св. Климент Охридски
Година на издаване 1997
300 ## - Физическа характеристика
Страници 269 с.
Размери/Мащаб 20 см
380 ## - Жанр
Жанр Литературознание
500 ## - Общи забележки
Забележка 565 тир.
650 #4 - Допълнително описание по предмет – тема
Основно описание – тема или топоним Проза - теми и образи
9 (RLIN) 260264
650 #4 - Допълнително описание по предмет – тема
Основно описание – тема или топоним Българска литература - влияние на народното творчество
9 (RLIN) 255643
650 #4 - Допълнително описание по предмет – тема
Основно описание – тема или топоним Чешка литература - влияние на народното творчество - сравнително-литературоведски изследвания
9 (RLIN) 260265
852 ## - Местоположение
Форматна сигнатура Цб 192654
856 4# - Електронен адрес и достъп
Електронен формат pdf - файл
Път до файла /url/
856 4# - Електронен адрес и достъп
Електронен формат pdf - файл
Път до файла /url/
942 ## - АРТИКУЛИ
Вид на библиотечния материал Книги
Скрит в OPAC Не
944 ## - СЪЗДАВАНЕ И РЕДАКЦИЯ на ЗАПИСА
Създаване/Редакция Създаване
Дата на регистрацията/редакция 15.01.2003
Служител, извършил регистрацията/редакцията 30560
Статус, дата на статуса Геновева Генчева
944 ## - СЪЗДАВАНЕ И РЕДАКЦИЯ на ЗАПИСА
Създаване/Редакция Редакция
Дата на регистрацията/редакция 15.01.2003
Служител, извършил регистрацията/редакцията
999 ## - СИСТЕМНИ КОНТРОЛНИ НОМЕРА
Koha biblionumber 15490
Koha biblioitemnumber 15490
Наличности
Код за отписване Код за изгубен артикул Източник на класификационната схема Код за повреда Коз за рестрикции Код за отдаване Артикулен № Име на библиотеката - собственик Име на библиотеката, в която се намира в момента Статус (Текущо местоположение) Дата на вписване в системата Местоположение - отдел Цена в лева Инвентарен номер Систематично азбучна сигнатура Баркод Номер на екземпляра Цена в евро Служебен тип на артикула Служебна бележка Бележка за публиката
  Не е изгубен Universal Decimal Classification Не е повреден без рестрикции ползва се в читалня 26293 Регионална библиотека "Любен Каравелов" Русе Регионална библиотека "Любен Каравелов" Русе Хранилище 2001-01-01 Хранилище 0.00 632365 Цб 192654 120000632365 1 0.00 Книги    
Изтеглен Не е изгубен Universal Decimal Classification Не е повреден без рестрикции заемане за дома 26294 Регионална библиотека "Любен Каравелов" Русе Регионална библиотека "Любен Каравелов" Русе Заемна - подръчен фонд 2001-01-01 Заемна - подръчен фонд 4.00 656730 П 82-1/-9/П 13 656730 2 2.05 Книги Дата инв: 08.02.2018 Бележки инв: П2018  
Изтеглен Не е изгубен   Не е повреден без рестрикции заемане за дома 26295 Регионална библиотека "Любен Каравелов" Русе Регионална библиотека "Любен Каравелов" Русе   2001-01-01 Заемна - подръчен фонд 4.00 656731 П 82-1/-9/П 13 656731 3 2.05 Книги   Отч.N: 3 , Дата: 17.01.2018
Изтеглен Не е изгубен Universal Decimal Classification Не е повреден без рестрикции заемане за дома 26296 Регионална библиотека "Любен Каравелов" Русе Регионална библиотека "Любен Каравелов" Русе Заемна - подръчен фонд 2001-01-01 Заемна - подръчен фонд 4.00 656732 П 82-1/-9/П 13 656732 4 2.05 Книги Дата инв: 08.02.2018 Бележки инв: П2018  
Изтеглен Не е изгубен Universal Decimal Classification Не е повреден без рестрикции заемане за дома 26297 Регионална библиотека "Любен Каравелов" Русе Регионална библиотека "Любен Каравелов" Русе Заемна - подръчен фонд 2001-01-01 Заемна - подръчен фонд 4.00 656734 П 82-1/-9/П 13 656734 5 2.05 Книги Дата инв: 08.02.2018 Бележки инв: П2018  
Vip Innovations Ltd, Rousse, Bulgaria 2025